000
002970000a22001330004500
003
MACL
040
_a
MACL
090
_c
33344
_d
33342
100
_a
Young, Trevor L.
245
_a
Project Manager
260
_b
The Industrial Sociaty
_c
1998
650
_a
General management
942
_c
BOOK
_k
658/You
999
_c
32994
_d
32994